| 000 | 00381nam a22001217a 4500 | ||
|---|---|---|---|
| 008 | 230609b xxu||||| |||| 00| 0 eng d | ||
| 082 |
_a354.676 _bGOK |
||
| 245 |
_a1992/93 Estimates of Recurrent Expenditure of the Government of Kenya for the Year Ending 30th June,1993 _bVotes (R16-R46) |
||
| 260 |
_aNairobi,Kenya _bGOK _c1992 |
||
| 300 | _aVIII,645p | ||
| 440 | _vII | ||
| 942 |
_2ddc _cBK |
||
| 999 |
_c915 _d915 |
||